Mediación del Honorable Secretario de Estado de los Estados Unidos, en la controversia de límites entre la República de Nicaragua y la República de Honduras (Record no. 101572)

MARC details
000 -LEADER
campo de control de longitud fija 00578nam a2200145 i 4500
001 - NÚMERO DE CONTROL
campo de control 101572
003 - IDENTIFICADOR DE NÚMERO DE CONTROL
campo de control ES-MaACL
007 - CAMPO FIJO DE DESCRIPCIÓN FÍSICA--INFORMACIÓN GENERAL
campo de control de longitud fija t|
008 - DATOS DE LONGITUD FIJA--INFORMACIÓN GENERAL
campo de control de longitud fija 051020s1920 xxu ||||1| spa d
245 00 - MENCIÓN DEL TÍTULO
Título Mediación del Honorable Secretario de Estado de los Estados Unidos, en la controversia de límites entre la República de Nicaragua y la República de Honduras
Resto del título : alegato de parte de Nicaragua preparado por Don Diego Manuel Chamorro.
260 ## - PUBLICACIÓN, DISTRIBUCIÓN, ETC.
Lugar de publicación, distribución, etc. Washington :
Nombre del editor, distribuidor, etc. [s.n.],
Fecha de publicación, distribución, etc. 1920.
300 ## - DESCRIPCIÓN FÍSICA
Extensión 3 v. ;
Dimensiones 24 cm.
700 1# - ENTRADA AGREGADA--NOMBRE PERSONAL
Nombre de persona Chamorro, Diego Manuel.
9 (RLIN) 37885
852 ## - LOCALIZACIÓN
Ubicación ES-MaACL
Número de control de estantería G-6812-4
Holdings
Estatus retirado Estado de pérdida Estado de daño No para préstamo Biblioteca de origen Biblioteca actual Ubicación en estantería Fecha de adquisición Fuente de adquisición Total de préstamos Signatura topográfica completa Código de barras Visto por última vez Precio de reemplazo Tipo de ítem Koha
        Biblioteca del Ateneo de Madrid Biblioteca del Ateneo de Madrid Depósito 2 17/01/2008     G-6812-4 1106042 23/02/2023 23/02/2023 Libro impreso